LEADER 01464namaa2200373 i 4500 001 000000178671 003 CaOOAMICUS 005 20260417094238.0 007 tu 008 260417s2025 it 000 u ita r 020 $a978-88-9287-262-2* 040 $aPUL$bita$erda 082 0 $a909.07 100 1 $aGallo, Erminio, $c sac.,$d1978- ,$eautore.$0(OLS)http://pul/name/95735 245 13$aIl Medioevo : $bcronache e misteri /$cErminio Gallo. 264 4$c©2025. 264 1$aTrapani :$bIl pozzo di Giacobbe,$c[2025] 300 $a376 pagine$c22 cm 336 $atesto$btxt$2rdacontent 337 $asenza mediazione$bn$2rdamedia 338 $avolume$bnc$2rdacarrier 490 1 $aRespiro ;$v 504 $aBibliografia in nota a pič pagina. 650 4$aMedioevo$xStoria$xStudi.$0(OLS)http://pul/subject/8829 830 0$aRespiro.$0(OLS)http://pul/title/217308 850 $aPUL 852 $aPUL$W1$xSL Cons. Gen., Altre Classi 3$y75$m909. 07 GALER 1$j202438$qDDC 21$B207838$CPULBib$Z2$F207838 $H138547 $82 941 1 $a9 996 $6020$a978-88-9287-262-2*$9(OLS)http://pul/number/170931 996 $6082$a909.07$9(OLS)http://pul/classification/618 996 $6245$aIl Medioevo : $bcronache e misteri$9(OLS)http://pul/title/220246 996 $6264$aTrapani :$bIl pozzo di Giacobbe$9(OLS)http://pul/publisher/79226 996 $6264$a[S.l.] :$b[s.n.]$9(OLS)http://pul/publisher/0